Größte Handelspartnern - Luxemburg - Statistiken

Allgemein
  • Dieses Quiz wurde 100 mal gespielt
  • Das Durchschnittsergebnis liegt bei 17 aus 19
Antwortstatistiken
Exportieren Importieren Land % Korrekt
3.46 bil 4.66 bil Deutschland
99%
0.26 bil 0.23 bil Schweiz
98%
0.41 bil 1.27 bil Vereinigte Staaten
98%
1.90 bil 2.20 bil Frankreich
97%
0.73 bil 0.65 bil Niederlande
97%
1.51 bil 4.38 bil Belgien
96%
0.23 bil 0.47 bil China
96%
0.31 bil 0.27 bil Spanien
96%
0.45 bil 0.32 bil Vereinigtes Königreich
96%
0.22 bil 0.13 bil Österreich
95%
0.50 bil 0.51 bil Italien
91%
0.50 bil Japan
89%
0.13 bil Russland
89%
0.24 bil Kanada
88%
0.29 bil 0.25 bil Polen
88%
0.18 bil Schweden
86%
0.15 bil 0.19 bil Tschechien
76%
0.14 bil Türkei
59%
0.11 bil Indonesien
29%
Keine übereinstimmenden Quizze gefunden
Verteilung der Resultate
Anzahl Personen mit jedem Resultat
Perzentil nach korrekt beantworteten Fragen
Ihre Resultats-Entwicklung
Sie haben dieses Quiz noch nicht gespielt